| 000 | 00714nas a2200217 4500 | ||
|---|---|---|---|
| 001 | BR7804161 | ||
| 003 | BR-BrBNA | ||
| 005 | 20231205083507.0 | ||
| 007 | ta | ||
| 008 | 230509b bl.|||p| |||| 00| 00por d | ||
| 040 |
_aBR-BrBNA _bpor _cBiblioteca Nacional de Agricultura |
||
| 041 | _a(Pt) | ||
| 072 | _aS30 | ||
| 100 | 1 | _aIaria, S.T. | |
| 245 | 1 | _aToxi - infeccoes alimentares [Alimentacao; Intoxicacao] | |
| 650 | _aAlimentacao | ||
| 650 | _aIntoxicacao | ||
| 773 | 0 |
_tComunicacoes Cientificas da Faculdade de Medicina Veterinaria e Zootecnia da Universidade de Sao Paulo (Brazil) _xISSN 0100-3313 _g(1978), v. 2(3-4) p. 79-93 _wBR7804161 |
|
| 909 |
_a202311 _bLúcia _c55 _dLúcia Elande |
||
| 942 |
_2AGRIS _n0 _cANA |
||
| 999 |
_c99182 _d99182 |
||